Loading...
Kunchan Nambiar /
| Main Author: | |
|---|---|
| Language: | Undetermined |
| Published: |
1950.
|
| LEADER | 00516nam a2200133Ia 4500 | ||
|---|---|---|---|
| 001 | 55533 | ||
| 008 | 170722s9999 xx 000 0 und d | ||
| 100 | |a Ezhuthachan, Ks | ||
| 245 | |a Kunchan Nambiar / | ||
| 260 | |c 1950. | ||
| 942 | |c GEN | ||
| 999 | |c 43228 |d 43228 | ||
| 952 | |0 1 |1 0 |4 0 |6 O_321L50G_JO1JO11_KR |7 0 |9 59057 |a LIB |b LIB |d 2017-08-12 |o O32,1L50:g JO1-JO1;1 (KR) |p 44290 |r 2017-08-12 |w 2017-08-12 |y GEN | ||
| 952 | |0 0 |1 0 |4 0 |6 O_321L50G_JO1JO11_KR |7 0 |9 59058 |a LIB |b LIB |d 2017-08-12 |o O32,1L50:g JO1-JO1;1 (KR) |p 75075 |r 2017-08-12 |w 2017-08-12 |y GEN | ||